|
|
|
|
| LEADER |
00000nab a2200000 a 4500 |
| 001 |
vtls000398298 |
| 003 |
SK-MaSNL |
| 005 |
20260317180702.0 |
| 008 |
230120c1990 xo 0 slo |
| 015 |
|
|
|a SNBRB19rr/mm-uuuuu
|
| 035 |
|
|
|a CL0398422
|
| 035 |
|
|
|a urn:nbn:sk:snk-ab1o5c
|
| 035 |
|
|
|a (urnnbn)urn:nbn:sk:snk:ar-004qa1
|
| 035 |
|
|
|a (uuid)91fa49ed-dac5-4446-bc6b-6435e0fa68a5
|
| 040 |
|
|
|a SNKBUCL
|b slo
|c SNKBUCL
|e AACR2
|
| 041 |
0 |
|
|a slo
|
| 044 |
|
|
|a xo
|c SK
|
| 080 |
|
|
|a 615.03
|2 1981
|
| 100 |
1 |
|
|a Beyšovcová, Lívia
|4 aut
|9 1184227
|
| 245 |
1 |
0 |
|a Uplatnenie klinických farmaceutov v Kanade
|c Lívia Beyšovcová, Bohumír Loučka
|
| 650 |
0 |
7 |
|a klinická farmácia
|2 snkbucl
|9 168211
|
| 650 |
0 |
7 |
|a farmaceuti klinickí
|2 snkbucl
|9 1184228
|
| 651 |
|
7 |
|a Kanada
|2 snkbucl
|9 17505
|
| 655 |
|
7 |
|a články z novín a časopisov
|2 snkbucl
|9 267496
|
| 700 |
1 |
|
|a Loučka, Bohumír
|4 aut
|9 10358
|
| 773 |
0 |
|
|t Farmaceutický obzor
|g Roč. 59, č. 9 (1990), s. 421-422
|
| 850 |
|
|
|a Slovenská národná knižnica v Martine
|a MTA001
|
| 852 |
|
|
|a SNK
|b KIS3GCP
|
| 954 |
|
|
|a odborná, vedecká literatúra pôvodná (slovenská)
|2 lita
|
| 958 |
|
|
|a OND
|
| 958 |
|
|
|a RK
|
| 958 |
|
|
|a ME
|
| 958 |
|
|
|a EUIPO
|
| 958 |
|
|
|a article27
|
| 992 |
|
|
|a RBX
|
| 999 |
|
|
|c 2049913
|d 2051843
|